Využitie energie z obnoviteľných zdrojov v regióne západného Balkánu diplomová práca

Enregistré dans:
Détails bibliographiques
Auteur principal: Ťažárová, Tamara
Collectivité auteur: Fakulta medzinárodných vzťahov EU. Katedra medzinárodných ekonomických vzťahov a hospodárskej diplomacie
Autres auteurs: Zagoršeková, Natália, 1991-
Format: Livre
Langue:slovaque
Publié: Bratislava 2025
Tags: Ajouter un tag
Pas de tags, Soyez le premier à ajouter un tag!

MARC

LEADER 00000nbm a2200000 4500
001 0309535
005 20260326130200.1
041 0 |a slo 
044 |a SK 
245 1 0 |a Využitie energie z obnoviteľných zdrojov v regióne západného Balkánu  |b diplomová práca  |c Tamara Ťažárová ; školiteľ: Natália Zagoršeková 
264 1 |a Bratislava  |c 2025 
300 |a 83 s. 
100 1 |a Ťažárová, Tamara 
700 1 |a Zagoršeková, Natália, 1991- 
710 2 |a Fakulta medzinárodných vzťahov EU. Katedra medzinárodných ekonomických vzťahov a hospodárskej diplomacie